000 00563nam a22001817a 4500
003 OSt
005 20140310183109.0
008 130305t xxu||||| |||| 00| 0 eng d
020 _a9789719103097
050 _aDS 688.I3
_b.D375 2006
100 _aDela Torre, Visitacion R.
245 _aThe Ilocos heritage /
_cVisitacion "Chit" R. De la Torre.
260 _aMakati City :
_bTower Book House,
_c2006.
300 _a330 p. :
_c30 cm.
_bill. col. ;
650 _aIlocanos ( Philippines people social life and customs).
942 _2lcc
_cBK
_kLOC
999 _c18830
_d18830